000 00550nam a22001937a 4500
999 _c5993
_d5993
003 GBCCL
005 20241126110553.0
008 180419b ||||| |||| 00| 0 eng d
040 _cgbc
082 _a248.5
_bFIS
100 _aFisk, C. W.
_910813
245 _aFruit that remains /
_cC. W. Fisk
260 _aIndiana:
_bFirst Baptist Church of Hammond,
_c1975
300 _a70 p.;
_bill.,
_c22 cm.
650 _aEvangelistic work
_9290
650 _aWitness bearing (Christianity)
_9428
650 _aVisitations (Church work)
_96684
942 _2ddc
_cBK